000 00448nam a2200193Ia 4500
003 GCL
008 140319s9999 xx 000 0 eng d
040 _aGCL /
_cGCL
082 0 4 _a792.8
_bT A
100 1 _aTHOMAS, ANNBEL
245 1 0 _aBALLET /
_cTHOMAS, ANNBEL
260 _a[S.N] :
_bNO SERES ،
_c1992
300 _a48 PP
490 _aAN USBORNE GUIDE
_v0
650 0 4 _aBALLETS
650 0 4 _aDANCING
650 0 4 _aARTS
942 _2ddc
_cBK
999 _c19092
_d19092